000 01025nam a2200301 4500
003 DO-SdBPM
005 20251028142819.0
007 ta
008 220328b2013 dr |||| 00| 0 spa d
020 _a9789945465242
040 _aDO-SdBPM
_bspa
_cBPMSU
_erda
082 4 _aRD863.44
_bC712m 2013
_222
100 1 _aCollins Colado, Mary de
_d1937-
_eautora
245 1 0 _aMariela abanderada /
_cMary Collins de Colado; ilustrador:Juan Pablo Feliz
264 _aSanto Domingo:
_b3C print
_c2013
300 _a32 páginas
_bilustraciones ;
_c22 cm
336 _atexto
_btxt
_2rdacontent
337 _asin mediación
_bn
_2rdamedia
338 _avolumen
_bnc
_2rdacarrier
490 0 _aLa casa de los cuentos
500 _aIncluye datos biográficos del autor en la contracubierta
590 _aInventariado, 2025/VM
650 7 _aCuentos infantiles dominicanos
650 7 _aLiteratura infantil dominicana
700 1 _aJuan Pablo Feliz
_eilustración
910 _aVMateo V. Control de calidad. BPMSU
942 _2ddc
_cBK
999 _c14118
_d14118